[Event "Retro WM 84 Glasgow"]
[Site "?"]
[Date "2018.12.13"]
[Round "16"]
[White "SciSys Turbostar 432 KSO , 4 MHz"]
[Black "Cyrus II Chess Amstrad , 8 MHz"]
[Result "1-0"]
[WhiteElo "1770"]
[BlackElo "1670"]
[PlyCount "143"]

1. e4 c5 2. Nf3 d6 3. Bb5+ Nd7 4. d4 Ngf6 5. Nc3 a6 6. Bxd7+ Bxd7 7. dxc5 Qa5
8. cxd6 Nxe4 9. dxe7 Bxe7 10. Qd5 Qxd5 11. Nxd5 Bd6 12. Ng5 Bf5 13. Ne3 Bg6 14.
Nxe4 Bxe4 15. f3 Bg6 16. O-O O-O 17. Rd1 Rfd8 18. c3 Bc5 19. Re1 a5 20. a4 Rd7
21. f4 Re8 22. Kf2 Rd3 23. g3 Bf5 24. Kf3 Bd7 25. Re2 Bc6+ 26. Kf2 Re4 27. Re1
Bd7 28. Ra2 b6 29. Kf3 Rxa4 30. Rxa4 Bxa4 31. Ke4 Rd8 32. f5 Bc6+ 33. Kf4 b5
34. h3 a4 35. Nc2 Bf2 36. Re5 Rd5 37. Rxd5 Bxd5 38. Be3 Bxe3+ 39. Nxe3 Bc6 40.
Nc2 g6 41. Nd4 Bd7 42. Kg5 gxf5 43. Nxf5 Be6 44. Nd6 Bxh3 45. Nxb5 Kg7 46. Nd6
f6+ 47. Kf4 Be6 48. c4 Kg6 49. c5 Bd5 50. g4 h6 51. Nf5 Kh7 52. Ne7 Be6 53. c6
Kg7 54. c7 h5 55. gxh5 Bd7 56. c8=Q Bxc8 57. Nxc8 Kh6 58. Kg4 f5+ 59. Kxf5 Kxh5
60. Nb6 Kh4 61. Nxa4 Kg3 62. b4 Kf3 63. b5 Ke3 64. b6 Kd4 65. b7 Kd5 66. b8=Q
Kc4 67. Ke5 Kd3 68. Qb3+ Ke2 69. Ke4 Kd2 70. Kf3 Kc1 71. Qc3+ Kd1 72. Nb2# 1-0

[Event "Retro WM 84 Glasgow"]
[Site "Salzgitter"]
[Date "2018.12.14"]
[Round "8"]
[White "Cyrus II Chess Amstrad , 8 MHz"]
[Black "Fidelity Elegance TM , 12 MHz"]
[Result "0-1"]
[WhiteElo "1670"]
[BlackElo "1910"]
[PlyCount "84"]

1. e4 c5 2. Nf3 d6 3. d4 cxd4 4. Nxd4 Nf6 5. Nc3 e6 6. f4 a6 7. Be3 b5 8. a3 e5
9. Nf3 Nbd7 10. Be2 Ng4 11. Qd2 Nxe3 12. Qxe3 exf4 13. Qxf4 Be7 14. a4 bxa4 15.
Bc4 O-O 16. Nxa4 Nb6 17. Nxb6 Qxb6 18. O-O-O Be6 19. Bxe6 fxe6 20. Qg4 Rf6 21.
Nd4 Rb8 22. b3 Rg6 23. Qe2 Rf8 24. h4 Qb7 25. h5 Rgf6 26. Qg4 R8f7 27. Rh3 Rf4
28. Qxe6 Rxe4 29. Qc4 Rg4 30. g3 Bf6 31. c3 Be5 32. Rd3 Re4 33. Rd1 d5 34. Qa4
Qc8 35. g4 Bxd4 36. Rxd4 Rf1+ 37. Kc2 Rf2+ 38. Kc1 Qxg4 39. Rh1 Qe2 40. Qe8+
Rxe8 41. Rd2 Qxd2+ 42. Kb1 Qb2# 0-1

[Event "Retro WM 84 Glasgow"]
[Site "Salzgitter"]
[Date "2018.12.15"]
[Round "1"]
[White "Psion Sinclair QL , 7,5 MHz"]
[Black "SciSys Turbostar 432 KSO , 4 MHz"]
[Result "1-0"]
[WhiteElo "1787"]
[BlackElo "1770"]
[PlyCount "127"]

1. e4 e5 2. Nf3 Nc6 3. d4 exd4 4. Nxd4 Nf6 5. Nxc6 bxc6 6. e5 Qe7 7. Qe2 Nd5 8.
Bd2 d6 9. exd6 Qxe2+ 10. Bxe2 Bxd6 11. Nc3 Bf5 12. Bd3 Bxd3 13. cxd3 Rb8 14.
Rb1 O-O 15. O-O Rfe8 16. Ne4 f5 17. Ng3 Bxg3 18. fxg3 Re2 19. Rf2 Rxf2 20. Kxf2
Kf7 21. b3 Rb6 22. a4 Ke6 23. h4 h5 24. Kf3 Rb7 25. b4 Ke5 26. Rb2 Kd4 27. Rb3
c5 28. b5 c4 29. dxc4 Kxc4 30. Ra3 a6 31. bxa6 Ra7 32. a5 Rxa6 33. Ra1 c5 34.
Rb1 Nb4 35. Ra1 Kb5 36. Kf4 g6 37. Kg5 Re6 38. Bf4 Rc6 39. Rd1 Kxa5 40. Rd6
Rxd6 41. Bxd6 c4 42. Kxg6 c3 43. Kxh5 Nd5 44. Kg5 c2 45. Ba3 Ne3 46. Bc1 Nxg2
47. h5 Ne1 48. h6 Nf3+ 49. Kf6 f4 50. h7 fxg3 51. h8=Q g2 52. Qa8+ Kb5 53. Qd5+
Kb4 54. Qe4+ Kb5 55. Qf5+ Ka6 56. Qd3+ Ka5 57. Qc3+ Kb5 58. Qb2+ Ka5 59. Qa3+
Kb5 60. Qb3+ Ka6 61. Be3 Ka5 62. Bc5 c1=Q 63. Qb6+ Ka4 64. Qb4# 1-0

[Event "Retro WM 84 Glasgow"]
[Site "?"]
[Date "2018.12.15"]
[Round "20"]
[White "SciSys Turbostar 432 KSO , 4 MHz"]
[Black "Psion Sinclair QL , 7,5 MHz"]
[Result "1-0"]
[WhiteElo "1770"]
[BlackElo "1787"]
[PlyCount "117"]

1. d4 d5 2. Nf3 Nf6 3. c4 dxc4 4. Qa4+ Nc6 5. Nc3 Nd5 6. e4 Nb6 7. Qd1 e6 8.
Bf4 Bd6 9. e5 Bb4 10. a3 Bxc3+ 11. bxc3 O-O 12. Qb1 Re8 13. Ng5 g6 14. Be2 Nd5
15. Qc1 Na5 16. Bd1 Qe7 17. O-O b6 18. Ba4 Rf8 19. Qd2 Bb7 20. Ne4 Qh4 21. Nf6+
Nxf6 22. exf6 Qxf6 23. Bxc7 Nb3 24. Bxb3 cxb3 25. Be5 Qh4 26. Rab1 Bd5 27. a4
Rac8 28. f4 Qg4 29. Rfc1 f6 30. Bd6 Rf7 31. Bb4 Rd7 32. Rb2 a5 33. Ba3 Rcc7 34.
h3 Qg3 35. c4 Rxc4 36. Rxc4 Bxc4 37. Rb1 Bd5 38. Rc1 f5 39. Rc8+ Kf7 40. Bb2
Kg7 41. Ba3 Rf7 42. Bd6 Ra7 43. Rc7+ Rxc7 44. Bxc7 b5 45. axb5 a4 46. Be5+ Kf7
47. Bd6 h5 48. b6 h4 49. Ba3 Be4 50. d5 Qd3 51. Qxd3 Bxd3 52. b7 exd5 53. b8=Q
Kg7 54. Qa7+ Kg8 55. Qb8+ Kg7 56. Qf8+ Kh7 57. Qf7+ Kh6 58. Bf8+ Kh5 59. Qh7#
1-0

[Event "Retro WM 84 Glasgow"]
[Site "Salzgitter"]
[Date "2018.12.22"]
[Round "37"]
[White "Petrosjan Glasgow TM , 20 MHz"]
[Black "Mephisto III-S Glasgow , 12 MHz"]
[Result "1/2-1/2"]
[WhiteElo "1830"]
[BlackElo "1776"]
[PlyCount "141"]

1. e4 e5 2. Nf3 Nf6 3. d4 exd4 4. e5 Ne4 5. Qxd4 d5 6. exd6 Nxd6 7. Nc3 Nc6 8.
Qf4 Be7 9. Bd3 O-O 10. O-O Bf6 11. Nd5 Be6 12. Nxf6+ Qxf6 13. Qxf6 gxf6 14. Bh6
Rfe8 15. Rfe1 Bd5 16. Rxe8+ Rxe8 17. a4 Bxf3 18. gxf3 Ne5 19. Rd1 Nxd3 20. Rxd3
Re2 21. Rc3 c6 22. Rd3 Re6 23. Kg2 b6 24. a5 f5 25. Be3 Nc4 26. Rd8+ Kg7 27.
axb6 axb6 28. Bd4+ Kh6 29. b3 Na3 30. c4 Rg6+ 31. Kf1 b5 32. Bb2 b4 33. Rd7 Kg5
34. Rxf7 Rd6 35. Bxa3 bxa3 36. Ra7 Rd3 37. Rxa3 Kf4 38. Kg2 Rxf3 39. Ra7 Rxb3
40. Rxh7 Ke5 41. Re7+ Kd4 42. Re6 c5 43. h4 Rb4 44. h5 Rb3 45. Re3 Rb6 46. Rf3
Ke5 47. Kg3 Rh6 48. Kh4 Rh8 49. Rd3 Rg8 50. h6 Kf4 51. Rg3 Rh8 52. Kh5 Ke4 53.
Kg6 f4 54. Rh3 Rg8+ 55. Kf6 f3 56. Ke7 Rc8 57. h7 Rh8 58. Kd6 Kd3 59. Kxc5 Ke2
60. Kd4 Kxf2 61. Rh5 Kg2 62. Rg5+ Kf2 63. Rg7 Rd8+ 64. Ke4 Rh8 65. Rf7 Ke2 66.
Re7 f2 67. Kd4+ Kf3 68. Rf7+ Ke2 69. Re7+ Kf3 70. Rf7+ Ke2 71. Re7+ 1/2-1/2

[Event "Retro WM 84 Glasgow"]
[Site "?"]
[Date "2018.12.24"]
[Round "26"]
[White "SciSys Turbostar 432 KSO , 4 MHz"]
[Black "Mephisto III-S Glasgow , 12 MHz"]
[Result "1-0"]
[WhiteElo "1770"]
[BlackElo "1776"]
[PlyCount "219"]

1. d4 Nf6 2. c4 e6 3. Nc3 Bb4 4. e3 O-O 5. Bd3 d5 6. Nf3 b6 7. Bd2 a5 8. cxd5
exd5 9. O-O Ba6 10. Bxa6 Nxa6 11. a3 Bxc3 12. Bxc3 Re8 13. Ne5 c5 14. Qe2 Ne4
15. Qb5 f5 16. Rab1 Qd6 17. Qd7 Qxd7 18. Nxd7 cxd4 19. exd4 Re6 20. f3 Nf6 21.
Rbe1 Rxe1 22. Nxf6+ Kf7 23. Rxe1 Kxf6 24. Kf2 Rc8 25. Re5 Nc7 26. Ke3 Nb5 27.
Kd3 Nxc3 28. bxc3 Rd8 29. g3 b5 30. Ke3 g6 31. g4 Kg5 32. gxf5 gxf5 33. h4+
Kxh4 34. Rxf5 h5 35. Rf7 Rc8 36. Kd3 Rg8 37. Rb7 Rf8 38. Ke3 b4 39. axb4 axb4
40. cxb4 Rf5 41. b5 Kg5 42. Rg7+ Kf6 43. Rh7 Kg6 44. Rd7 h4 45. b6 Rf8 46. Rd6+
Kf7 47. Rxd5 Rb8 48. Rd6 h3 49. Ke4 Kg7 50. Rd7+ Kg6 51. Rc7 Rxb6 52. Rc2 Re6+
53. Kf4 Rd6 54. Ke5 Rf6 55. f4 Rf5+ 56. Ke4 Rh5 57. Rc6+ Kf7 58. Rc7+ Ke6 59.
Rc1 h2 60. Rh1 Kd6 61. Kf3 Kd5 62. Kg3 Ke4 63. d5 Rxd5 64. Rxh2 Ra5 65. Kg4 Rd5
66. Re2+ Kd3 67. Re7 Rd4 68. Kg5 Rd5+ 69. Kg6 Rd6+ 70. Kf7 Rd5 71. Kf6 Rd6+ 72.
Ke5 Rd4 73. f5 Re4+ 74. Kf6 Rg4 75. Kf7 Kc4 76. f6 Kd5 77. Kf8 Rf4 78. f7 Rb4
79. Ra7 Rf4 80. Ke8 Rxf7 81. Rxf7 Kd4 82. Kd7 Ke4 83. Ke6 Kd4 84. Kd6 Ke4 85.
Kc5 Ke5 86. Rh7 Ke4 87. Kc4 Ke5 88. Rh5+ Ke4 89. Rh8 Ke5 90. Re8+ Kf4 91. Kd4
Kf5 92. Re5+ Kf4 93. Re7 Kf5 94. Rf7+ Ke6 95. Rf2 Kd6 96. Rf6+ Ke7 97. Ke5 Kd7
98. Kd5 Ke7 99. Rd6 Kf7 100. Ke5 Ke7 101. Ra6 Kd7 102. Kf6 Kc7 103. Ke7 Kb7
104. Rd6 Kc7 105. Rg6 Kb8 106. Kd8 Kb7 107. Kd7 Kb8 108. Kc6 Ka7 109. Kc7 Ka8
110. Ra6# 1-0

[Event "Retro WM 84 Glasgow"]
[Site "?"]
[Date "2018.12.23"]
[Round "36"]
[White "Fidelity EAS A-E Glasgow TM , 10 MHz"]
[Black "Petrosjan Glasgow TM , 20 MHz"]
[Result "1-0"]
[WhiteElo "1910"]
[BlackElo "1830"]
[PlyCount "138"]
[EventDate "2018.??.??"]

1. f4 d5 2. Nf3 g6 3. e3 Bg7 4. Be2 Nf6 5. O-O O-O 6. d3 Ng4 7. d4 Bf5 8. Nh4
Nh6 9. Nxf5 Nxf5 10. c4 Nc6 11. cxd5 Qxd5 12. Nc3 Qa5 13. Bd2 Rab8 14. Qc2 h6
15. a3 a6 16. b3 Rbd8 17. Ne4 Qb6 18. Rac1 Ncxd4 19. exd4 Nxd4 20. Be3 Qa5 21.
Bxd4 Bxd4+ 22. Nf2 Qxa3 23. Qxc7 b5 24. Qc2 Be3 25. Ra1 Qb4 26. Qc6 Rd6 27. Qb7
Rb6 28. Qf3 Qxb3 29. Rfe1 Qc3 30. Bd3 Bc5 31. Rec1 Qd4 32. Be4 Rf6 33. Ra2 Qe3
34. Qxe3 Bxe3 35. Rc3 Bxf2+ 36. Rxf2 Re6 37. Re2 Rd8 38. Rc7 Rd4 39. Bf3 Rxe2
40. Bxe2 Rxf4 41. Rxe7 Kf8 42. Rb7 Ra4 43. Rb8+ Ke7 44. Kf2 Ra2 45. h3 Kd6 46.
g3 Kc5 47. Rb7 f5 48. Rg7 g5 49. Rf7 f4 50. gxf4 Ra3 51. fxg5 hxg5 52. Rf5+ Kd4
53. Bf3 Ra2+ 54. Kg3 b4 55. Rxg5 b3 56. h4 Ra1 57. Rd5+ Kc3 58. Be4 b2 59. Rd3+
Kb4 60. Rd8 Rg1+ 61. Kf4 Rf1+ 62. Ke5 Re1 63. Rb8+ Ka3 64. h5 Re2 65. h6 Rh2
66. h7 Rh5+ 67. Kf6 b1=Q 68. Rxb1 Rxh7 69. Bxh7 Ka4 1-0

[Event "Retro WM 84 Glasgow"]
[Site "?"]
[Date "2018.12.23"]
[Round "17"]
[White "Petrosjan Glasgow TM , 20 MHz"]
[Black "Fidelity EAS A-E Glasgow TM , 10 MHz"]
[Result "1/2-1/2"]
[WhiteElo "1830"]
[BlackElo "1910"]
[PlyCount "149"]
[EventDate "2018.??.??"]

1. e4 c5 2. c3 d5 3. exd5 Qxd5 4. d4 e6 5. Nf3 Nc6 6. Be3 cxd4 7. Bxd4 Nxd4 8.
Qxd4 Nf6 9. Qxd5 exd5 10. Bb5+ Bd7 11. Bxd7+ Nxd7 12. O-O Rc8 13. Re1+ Be7 14.
Na3 a6 15. Rad1 Nf6 16. Re5 Kf8 17. Nc2 Bd6 18. Ree1 Bc5 19. Ne3 Rd8 20. h3 Kg8
21. Rd3 Ne4 22. c4 d4 23. Nd5 Nd6 24. b3 b5 25. b4 bxc4 26. bxc5 cxd3 27. cxd6
h5 28. Rd1 Rxd6 29. Ne7+ Kf8 30. Nf5 Rd5 31. Rb1 Rb5 32. Rxb5 axb5 33. a3 h4
34. Kf1 Rh5 35. N5xh4 Rc5 36. g4 Rc1+ 37. Kg2 Ra1 38. Nf5 Rxa3 39. N5xd4 Ra5
40. Nd2 Ra2 41. N4b3 Ra6 42. Kf3 Rh6 43. Ke3 Rxh3+ 44. f3 g6 45. Nd4 b4 46. Nc6
f5 47. gxf5 gxf5 48. Nxb4 Ke7 49. Nd5+ Kd6 50. Nf4 Rg3 51. Nxd3 Ke6 52. Nf4+
Ke7 53. Nb3 Rxf3+ 54. Kxf3 Kd6 55. Nd3 Kd5 56. Kf4 Ke6 57. Nd4+ Kf6 58. Nc5 Kg6
59. Nxf5 Kf6 60. Nd6 Kg6 61. Nd7 Kh5 62. Ne5 Kh4 63. Ne4 Kh5 64. Kf5 Kh4 65.
Kg6 Kh3 66. Kg5 Kg2 67. Kg4 Kh2 68. Nd3 Kg2 69. Nf4+ Kh2 70. Kf3 Kg1 71. Kg3
Kf1 72. Kg4 Ke1 73. Kf3 Kd1 74. Nd3 Kc2 75. Ndc5 1/2-1/2

[Event "Retro WM 84 Glasgow"]
[Site "?"]
[Date "2018.12.23"]
[Round "29"]
[White "Chafitz Steinitz TM , 20 MHz"]
[Black "Fidelity EAS A-E Glasgow TM , 10 MHz"]
[Result "1-0"]
[WhiteElo "1890"]
[BlackElo "1910"]
[PlyCount "153"]
[EventDate "2018.??.??"]

1. d4 Nf6 2. c4 e5 3. dxe5 Ng4 4. Nf3 Bc5 5. e3 Nc6 6. Be2 Ngxe5 7. Nc3 Nxf3+
8. Bxf3 O-O 9. Ne4 Bb4+ 10. Bd2 a5 11. Bxb4 axb4 12. c5 Qe7 13. O-O Ne5 14. Be2
f5 15. Qd5+ Qe6 16. Qxe6+ dxe6 17. Ng5 h6 18. Nf3 Nxf3+ 19. Bxf3 e5 20. Bd5+
Kh7 21. Rfd1 Rd8 22. e4 c6 23. Bb3 Rxd1+ 24. Rxd1 fxe4 25. Rd8 Kg6 26. Be6 b3
27. Bxc8 Rxa2 28. Rd1 Rxb2 29. Bxb7 Rc2 30. Bxc6 Rxc5 31. Bxe4+ Kh5 32. g3 b2
33. Rb1 Rb5 34. Kg2 Rb3 35. h4 g5 36. hxg5 Kxg5 37. Rh1 Rc3 38. Bb1 Rc1 39. f3
h5 40. Bd3 Kf6 41. Be4 Ke6 42. Bg6 Kd6 43. Bd3 Kc5 44. Be4 Kd6 45. Bg6 Kd5 46.
Be4+ Kd6 47. Bf5 Kd5 48. Bb1 Kc5 49. Bd3 Kd6 50. Rg1 Kc5 51. Be4 Kc4 52. Rf1
Kc3 53. Bf5 Kb3 54. f4 exf4 55. Rf3+ Ka4 56. Rxf4+ Ka3 57. Rf3+ Ka4 58. Rf1 Kb3
59. Rh1 Rxh1 60. Kxh1 Ka2 61. Kh2 Kb3 62. Kh3 Kc3 63. Kh4 Kd4 64. Kxh5 Kd5 65.
g4 Ke5 66. Bb1 Ke6 67. g5 Kf7 68. Kh6 Ke6 69. g6 Kd5 70. g7 Kc5 71. g8=Q Kb4
72. Qc8 Kb5 73. Qc3 Ka6 74. Qb4 Ka7 75. Qb5 Ka8 76. Be4+ Ka7 77. Qb7# 1-0

[Event "Retro WM 84 Glasgow"]
[Site "?"]
[Date "2018.12.23"]
[Round "10"]
[White "Fidelity EAS A-E Glasgow TM , 10 MHz"]
[Black "Chafitz Steinitz TM , 20 MHz"]
[Result "1-0"]
[WhiteElo "1910"]
[BlackElo "1890"]
[PlyCount "97"]
[EventDate "2018.??.??"]

1. e4 e6 2. d4 d5 3. e5 c5 4. c3 Qb6 5. Nf3 Bd7 6. Be2 Bb5 7. c4 Bxc4 8. Bxc4
dxc4 9. d5 exd5 10. Qxd5 Qb4+ 11. Nfd2 Ne7 12. Qxc4 Nbc6 13. a3 Qa5 14. f4 Rd8
15. O-O Rd4 16. Qa2 Qd8 17. Qb3 Na5 18. Qc2 Nd5 19. Ne4 c4 20. Nbc3 Nb3 21. Rb1
Nxc3 22. bxc3 Rd3 23. Re1 Qh4 24. g3 Qh6 25. Rxb3 b6 26. Nd6+ Bxd6 27. exd6+
Kd8 28. Rb4 Qxd6 29. Rxc4 Rd5 30. Rce4 Qg6 31. Qg2 Qd6 32. Re7 Rf8 33. Rxa7 Qc6
34. Qe4 Rh8 35. c4 Rd6 36. Ra8+ Kc7 37. Qxc6+ Kxc6 38. Rxh8 Rd7 39. Rxh7 g6 40.
Be3 Re7 41. Kf2 b5 42. c5 Rd7 43. h4 Re7 44. Rd1 Kb7 45. Rd6 Rc7 46. c6+ Rxc6
47. Rxf7+ Rc7 48. Rxc7+ Kxc7 49. Rxg6 1-0

[Event "Retro WM 84 Glasgow"]
[Site "?"]
[Date "2018.12.25"]
[Round "22"]
[White "Chafitz Sargon ARB 3.5 TM , 12 MHz"]
[Black "Conchess T6 Glasgow , 5,5 MHz"]
[Result "0-1"]
[WhiteElo "1750"]
[BlackElo "1898"]
[PlyCount "134"]

1. e4 c5 2. Nf3 e6 3. d4 cxd4 4. Nxd4 Nf6 5. Nc3 d6 6. Be2 Be7 7. O-O O-O 8.
Be3 e5 9. Nf5 Bxf5 10. exf5 d5 11. Nb5 a6 12. Na3 Bxa3 13. bxa3 Qd7 14. Rb1 Nc6
15. c3 Ne7 16. g4 Rac8 17. Qb3 b5 18. Rfd1 Qc6 19. Qb4 Qc7 20. a4 Ne4 21. Rbc1
a5 22. Qxb5 Nxc3 23. Qd3 Qc6 24. Bg5 f6 25. Bd2 Nxe2+ 26. Qxe2 Qxa4 27. Re1 h5
28. gxh5 Rxc1 29. Bxc1 Nxf5 30. Qf3 Ne7 31. Ba3 e4 32. Qb3 Qxb3 33. axb3 Kf7
34. f3 Re8 35. fxe4 Nf5 36. Rc1 dxe4 37. Rc5 e3 38. Rxa5 e2 39. Ra7+ Kg8 40.
Bb4 e1=Q+ 41. Bxe1 Rxe1+ 42. Kf2 Rb1 43. Rb7 Rb2+ 44. Kg1 Nd4 45. Rb8+ Kh7 46.
h3 Rxb3 47. Rxb3 Nxb3 48. Kf2 Kh6 49. Kf3 Kxh5 50. Kg3 Nd2 51. Kf4 Kh4 52. Ke3
Nb3 53. Kd3 Kxh3 54. Kc3 g5 55. Kd3 g4 56. Ke2 g3 57. Kd3 g2 58. Kc4 Nc1 59.
Kd4 g1=Q+ 60. Ke4 Qe1+ 61. Kd4 Qe5+ 62. Kc4 Kg4 63. Kb4 Qc7 64. Kb5 Nd3 65. Ka4
Qb6 66. Ka3 Qb4+ 67. Ka2 Qb2# 0-1

[Event "Retro WM 84 Glasgow"]
[Site "?"]
[Date "2018.12.26"]
[Round "3"]
[White "Conchess T6 Glasgow , 5,5 MHz"]
[Black "Chafitz Sargon ARB 3.5 TM , 12 MHz"]
[Result "1-0"]
[WhiteElo "1898"]
[BlackElo "1750"]
[PlyCount "153"]
[EventDate "26.??.??"]

1. e4 e6 2. d4 d5 3. Nd2 Nf6 4. e5 Nfd7 5. Bd3 Nc6 6. Ngf3 Be7 7. O-O Nb4 8.
Be2 b6 9. a3 Na6 10. c4 Bb7 11. cxd5 exd5 12. Qa4 Nab8 13. b4 a5 14. bxa5 Rxa5
15. Qd1 Ba6 16. Bxa6 Nxa6 17. Qe2 c6 18. e6 fxe6 19. Qxe6 Qc7 20. Ng5 Rf8 21.
Nxh7 Rf7 22. Ng5 Rf6 23. Qg8+ Nf8 24. Qxg7 Ne6 25. Qg8+ Kd7 26. Re1 Nxg5 27.
Qxg5 b5 28. Qe3 Qd8 29. Qh3+ Kc7 30. Qc3 b4 31. axb4 Bxb4 32. Qg3+ Bd6 33. Qg7+
Kb6 34. Rxa5 Kxa5 35. Nc4+ dxc4 36. Bg5 Be7 37. Qxe7 Qxe7 38. Rxe7 Rd6 39. Bd2+
Kb6 40. Re5 c5 41. dxc5+ Nxc5 42. Bc3 Rd3 43. Re3 Rd1+ 44. Re1 Rd3 45. Be5 c3
46. Rf1 c2 47. Bf4 Rd1 48. Be3 Kb5 49. f4 Nd3 50. f5 c1=Q 51. Bxc1 Rxc1 52.
Rxc1 Nxc1 53. f6 Ne2+ 54. Kf2 Nf4 55. f7 Ne6 56. f8=Q Nxf8 57. Kf3 Ng6 58. Kg4
Ne5+ 59. Kg5 Nf7+ 60. Kf6 Nh6 61. h3 Kc5 62. g4 Kd6 63. Kg7 Nxg4 64. hxg4 Ke5
65. g5 Kf5 66. g6 Kg5 67. Kf7 Kh6 68. g7 Kg5 69. g8=Q+ Kf4 70. Qe8 Kf3 71. Kf6
Kg3 72. Qe3+ Kg2 73. Kg5 Kf1 74. Kg4 Kg2 75. Qe2+ Kh1 76. Kh3 Kg1 77. Qg2# 1-0

[Event "Retro WM 84 Glasgow"]
[Site "?"]
[Date "2018.12.26"]
[Round "32"]
[White "Mephisto III-S Glasgow , 12 MHz"]
[Black "Fidelity Elegance TM , 12 MHz"]
[Result "0-1"]
[WhiteElo "1776"]
[BlackElo "1910"]
[PlyCount "120"]
[EventDate "26.??.??"]

1. e4 c6 2. d4 d5 3. exd5 cxd5 4. Bd3 Nc6 5. c3 g6 6. Bf4 Bh6 7. Ne2 Bxf4 8.
Nxf4 Nf6 9. a4 Qd6 10. Qf3 Bg4 11. Qe3 O-O 12. O-O e5 13. dxe5 Nxe5 14. f3 Nxd3
15. Nxd3 Bf5 16. Rd1 Rfe8 17. Qf2 Qe6 18. Nf4 Qe5 19. g3 g5 20. Ng2 Qe2 21. Na3
Bd7 22. b3 Rac8 23. Qd4 Bh3 24. Rd2 Qe5 25. Nb5 a6 26. Qxe5 Rxe5 27. f4 gxf4
28. Nd6 Rxc3 29. Nxf4 Bg4 30. b4 Rc7 31. Rf1 Rd7 32. Nd3 Re2 33. Rxf6 Rxd2 34.
Ne5 Rxd6 35. Rxd6 Be6 36. Rb6 Ra2 37. Rxb7 Rxa4 38. Kf2 Ra2+ 39. Ke3 Rxh2 40.
Ra7 Ra2 41. Kd4 Kg7 42. Kc5 h5 43. Kd6 Rg2 44. Kc5 Rxg3 45. Nc6 Ra3 46. Kd4 h4
47. b5 Ra4+ 48. Kd3 axb5 49. Rxa4 bxa4 50. Nd4 Bg4 51. Ke3 a3 52. Nc2 d4+ 53.
Kf4 d3 54. Nxa3 d2 55. Kxg4 d1=Q+ 56. Kxh4 Qf3 57. Nc4 f5 58. Ne5 Qg2 59. Kh5
Qg3 60. Nc6 Qg4# 0-1

[Event "Retro WM 84 Glasgow"]
[Site "?"]
[Date "2018.12.27"]
[Round "31"]
[White "Conchess T6 Glasgow , 5,5 MHz"]
[Black "Mephisto III-S Glasgow , 12 MHz"]
[Result "1-0"]
[WhiteElo "1898"]
[BlackElo "1776"]
[PlyCount "165"]
[EventDate "27.??.??"]

1. Nf3 d5 2. c4 d4 3. e3 c5 4. b4 dxe3 5. fxe3 cxb4 6. d4 Bf5 7. Bd2 e6 8. c5
Nc6 9. Bb5 Qd5 10. Bxb4 Nf6 11. Nc3 Qd7 12. Ne5 Qc7 13. Qa4 Rc8 14. Qxa7 Be7
15. Ba5 Qb8 16. Nxc6 bxc6 17. Bxc6+ Kf8 18. Qxb8 Rxb8 19. O-O Bd3 20. Rf2 Ng4
21. Rd2 Bg6 22. Re1 Bg5 23. Bc7 Rc8 24. Bd6+ Kg8 25. Bb7 Rd8 26. c6 Rxd6 27. c7
Rd8 28. cxd8=Q+ Bxd8 29. Bf3 Ba5 30. Bxg4 h5 31. Rc1 hxg4 32. Rb2 Bc7 33. g3
Bd6 34. Nb5 Be7 35. Rc8+ Kh7 36. Rc7 Bd8 37. Rb7 Bg5 38. Rb3 Rc8 39. Nc7 Be4
40. Ra7 Kg6 41. a4 Kf5 42. a5 Bc6 43. Rc3 Bf3 44. Rc5+ Kg6 45. Kf2 Rb8 46. Rb5
Rh8 47. h4 gxh3 48. Kxf3 h2 49. Rb1 h1=Q+ 50. Rxh1 Rxh1 51. e4 Re1 52. e5 Rd1
53. a6 Rd3+ 54. Kg2 Rd2+ 55. Kh3 Rxd4 56. Rb7 Ra4 57. a7 Rxa7 58. Rxa7 Be3 59.
Ra1 Bd4 60. Re1 Bc3 61. Re3 Bd4 62. Re4 Bc3 63. Ne8 Ba1 64. Rg4+ Kf5 65. Rxg7
Kxe5 66. Rxf7 Bd4 67. Nc7 Kd6 68. Nb5+ Ke5 69. Nxd4 Kxd4 70. Kg4 Ke5 71. Kg5
Ke4 72. Rf2 Ke3 73. Kf6 Kxf2 74. g4 Kf3 75. g5 Kf4 76. g6 e5 77. g7 e4 78. g8=Q
e3 79. Qg2 e2 80. Qxe2 Kg3 81. Kg5 Kh3 82. Kf4 Kh4 83. Qg4# 1-0

[Event "Retro WM 84 Glasgow"]
[Site "?"]
[Date "2018.12.27"]
[Round "12"]
[White "Mephisto III-S Glasgow , 12 MHz"]
[Black "Conchess T6 Glasgow , 5,5 MHz"]
[Result "0-1"]
[WhiteElo "1776"]
[BlackElo "1898"]
[PlyCount "162"]
[EventDate "27.??.??"]

1. d4 d5 2. c4 dxc4 3. e3 Nf6 4. Bxc4 e6 5. Nf3 c5 6. O-O cxd4 7. Qxd4 Nbd7 8.
Nc3 Bc5 9. Qh4 O-O 10. Bd2 Nb6 11. Bb3 Bd7 12. Qg5 Bc6 13. Qxc5 Bxf3 14. Qd4 e5
15. Qxd8 Rfxd8 16. Be1 Be4 17. f4 Bd3 18. Rf3 e4 19. Rh3 Nbd5 20. Nxd5 Nxd5 21.
Rd1 Rac8 22. a3 Bc2 23. Bxc2 Rxc2 24. Rh5 Rc5 25. b4 g6 26. Re5 f6 27. Rxe4 Rc7
28. Red4 Rcd7 29. e4 Nb6 30. Bc3 Rxd4 31. Rxd4 Rc8 32. Rd3 Kf7 33. Bd4 Rd8 34.
Kf2 Nc4 35. Ke2 Re8 36. Bxa7 Rxe4+ 37. Kf3 f5 38. Rd7+ Re7 39. Rxe7+ Kxe7 40.
Bc5+ Ke6 41. a4 Kd5 42. Bf8 Nb2 43. a5 Kc4 44. Bg7 Nd3 45. Bf6 Nxb4 46. h3 Nc6
47. g4 Nxa5 48. Ke3 Nc6 49. Bb2 b5 50. gxf5 gxf5 51. h4 Kb3 52. Bg7 Kc2 53. Ke2
h5 54. Bf6 b4 55. Ke3 b3 56. Bh8 b2 57. Bxb2 Kxb2 58. Kd3 Kc1 59. Ke2 Nd4+ 60.
Kd3 Nf3 61. Ke2 Nxh4 62. Ke3 Ng6 63. Ke2 h4 64. Ke3 h3 65. Kf3 Nxf4 66. Kg3 Kd1
67. Kh2 Ke1 68. Kg3 Ke2 69. Kh2 Nd3 70. Kxh3 f4 71. Kg4 f3 72. Kf5 f2 73. Kf6
f1=Q+ 74. Ke6 Qf4 75. Kd5 Qe5+ 76. Kc6 Nb4+ 77. Kd7 Kd3 78. Kc8 Qe7 79. Kb8
Nc6+ 80. Kc8 Na5 81. Kb8 Qb7# 0-1

[Event "Retro WM 84 Glasgow"]
[Site "Detmold"]
[Date "2018.12.23"]
[Round "18"]
[White "Psion Sinclair QL , 7,5 MHz"]
[Black "Cyrus II Chess Amstrad , 8 MHz"]
[Result "1-0"]
[WhiteElo "1787"]
[BlackElo "1670"]
[PlyCount "89"]
[EventDate "2018.??.??"]

1. e4 c6 2. d4 d5 3. Nc3 dxe4 4. Nxe4 Bf5 5. Ng3 Bg6 6. h4 h6 7. Nf3 {Buchende
Schwarz} e6 {Buchende Weiss} 8. Bc4 b5 9. Bd3 Bxd3 10. Qxd3 Bb4+ 11. c3 Bd6 12.
a4 Bxg3 13. fxg3 Qd5 14. axb5 cxb5 15. Ra5 a6 16. Bf4 Nc6 17. Ra1 Nf6 18. O-O
O-O 19. Rfe1 Rfd8 20. Qc2 Qc4 21. Re2 Nd5 22. Qe4 Nf6 23. Qe3 Nd5 24. Qe4 Nxf4
25. gxf4 a5 26. Ne5 Nxe5 27. fxe5 a4 28. Rf2 Rd5 29. Raf1 Ra7 30. h5 a3 31. Qc2
Rdd7 32. bxa3 Rxa3 33. Rf3 b4 34. Qe4 bxc3 35. Qe3 Qa4 36. Rf4 Rb7 37. Qf3 Qa7
38. Qd3 Qb6 39. Kh1 Qc6 40. Qg3 Ra4 41. Rg4 c2 $2 42. Rxg7+ Kf8 43. Rg8+ Ke7
44. Rxf7+ Kxf7 45. Qg7# {normal} 1-0

[Event "Retro WM 84 Glasgow"]
[Site "Detmold"]
[Date "2018.12.23"]
[Round "37"]
[White "Cyrus II Chess Amstrad , 8 MHz"]
[Black "Psion Sinclair QL , 7,5 MHz"]
[Result "1-0"]
[WhiteElo "1670"]
[BlackElo "1787"]
[PlyCount "133"]
[EventDate "2018.??.??"]

1. e4 c6 2. Nc3 d5 3. Nf3 Bg4 4. h3 Bxf3 {Buchende Weiss} 5. Qxf3 {Buchende
Schwarz} d4 6. Nd1 e5 7. Bc4 Qc7 8. O-O Nf6 9. d3 Nbd7 10. Bd2 Bd6 11. Qg3 Rg8
12. Qg5 h6 13. Qf5 b5 14. Bb3 c5 15. c4 a6 16. cxb5 axb5 17. Rc1 Qb7 18. Re1 b4
19. Re2 Rf8 20. Qf3 Bc7 21. Re1 Ra7 22. Qf5 Qa6 23. Qf3 Rg8 24. Ra1 Qb7 25. Rc1
Rh8 26. Qg3 Rg8 27. Qh4 Ra8 28. Re2 Rf8 29. Qg3 Rg8 30. h4 Ra5 31. Kh2 Ra7 32.
Kh3 Ra8 33. f3 Qa6 34. Nf2 Bd6 35. Bc4 Qb7 36. Ng4 Ra7 37. Ree1 Ra5 38. Rf1 Nh5
39. Qf2 Ndf6 40. Nxf6+ $2 Nxf6 $2 41. Qg3 Ra7 42. Rfe1 Qd7+ 43. Kh2 Bc7 44. Bb3
Qb5 45. Rc4 Qb6 46. Rec1 Bd6 47. a4 $2 Qb7 $2 48. Rxc5 $1 Bxc5 49. Rxc5 Nd7 50.
Rc4 $2 Ra6 51. Rxb4 Rb6 52. Bd5 Qb8 53. Rxb6 Qxb6 54. b3 Qa6 55. Bc4 Qd6 56.
Bb5 Kd8 57. a5 Nf6 58. Bc4 Qc7 59. a6 Nh5 60. Qe1 Qd7 61. Qa1 Qe7 62. a7 Qxh4+
63. Kg1 Kc7 64. Qa5+ Kc6 65. Bb5+ Kb7 66. Qa6+ Ka8 67. Bc6# {normal} 1-0

[Event "Retro WM 84 Glasgow"]
[Site "Detmold"]
[Date "2018.12.23"]
[Round "12"]
[White "Psion Sinclair QL , 7,5 MHz"]
[Black "Colossus 3.0 Atari 8 Bit , 3,5 MHz"]
[Result "0-1"]
[WhiteElo "1787"]
[BlackElo "1800"]
[PlyCount "102"]
[EventDate "2018.??.??"]

1. c4 Nf6 2. d4 Nc6 {Buchende Weiss} 3. Nf3 d6 4. Nc3 {Buchende Schwarz} e6 5.
e4 Bd7 6. Be2 Be7 7. O-O O-O 8. a3 Re8 9. Bf4 Nh5 10. Be3 Nf6 11. d5 exd5 12.
cxd5 Ne5 13. h3 a5 14. Nd4 Qc8 15. f4 Ng6 16. Qd3 c5 17. dxc6 bxc6 18. Nf3 Rb8
19. f5 Nh8 20. Ra2 d5 21. exd5 Bxf5 22. Qd4 c5 23. Qf4 Ng6 24. Qg3 Rb6 25. Qf2
Bd6 26. Nd2 Qc7 27. Nc4 Rxe3 28. Nxe3 Bh2+ 29. Kh1 Ne4 30. Nxe4 Bxe4 31. Bg4
Rf6 32. Qe2 Rxf1+ 33. Qxf1 Nh4 34. Qc4 Bg6 35. Qb5 f5 $2 36. Be2 $2 Bg3 $2 37.
Qc4 $2 Qd6 38. a4 Bf2 39. Ra3 Qe5 40. Qc3 $2 Qg3 $1 41. Bf1 Qf4 $2 42. Bb5 $2
Qg3 $1 43. Bd7 $2 Bxe3 $1 44. Be6+ Kh8 45. Qc2 f4 $2 46. Rxe3 Qxe3 47. Qd1 Be4
$1 48. Qg4 Qf2 49. Kh2 Nf3+ 50. Qxf3 Bxf3 51. b3 Qxg2# {normal} 0-1